La vida heroica de Marie Curie, descubridora del radium / (Record no. 50759)

MARC details
000 -LEADER
campo de control de longitud fija 00780nam a2200241 i 4500
001 - NÚMERO DE CONTROL
campo de control 50759
003 - IDENTIFICADOR DE NÚMERO DE CONTROL
campo de control ES-MaACL
005 - FECHA Y HORA DE LA ÚLTIMA TRANSACCIÓN
campo de control 20260525062927.0
007 - CAMPO FIJO DE DESCRIPCIÓN FÍSICA--INFORMACIÓN GENERAL
campo de control de longitud fija t|
008 - DATOS DE LONGITUD FIJA--INFORMACIÓN GENERAL
campo de control de longitud fija 030806s1957 sp |||| |bspa d
080 ## - NÚMERO DE LA CLASIFICACIÓN DECIMAL UNIVERSAL
Número de la Clasificación Decimal Universal 929:53 Curie, Marie
100 1# - ENTRADA PRINCIPAL--NOMBRE DE PERSONA
Nombre de persona Curie, Ève,
Fechas asociadas al nombre 1904-2007
9 (RLIN) 162944
245 13 - MENCIÓN DEL TÍTULO
Título La vida heroica de Marie Curie, descubridora del radium /
Mención de responsabilidad, etc. contada por su hija Eva Curie ; [traducción de F. Madrid].
250 ## - MENCION DE EDICION
Mención de edición 23ª ed.
260 ## - PUBLICACIÓN, DISTRIBUCIÓN, ETC.
Lugar de publicación, distribución, etc. Madrid :
Nombre del editor, distribuidor, etc. Espasa-Calpe,
Fecha de publicación, distribución, etc. 1957.
300 ## - DESCRIPCIÓN FÍSICA
Extensión 302 p. ;
Dimensiones 18 cm.
490 1# - MENCIÓN DE SERIE
Mención de serie Colección austral ;
Designación de volumen o secuencia 451
600 14 - PUNTO DE ACCESO ADICIONAL DE MATERIA--NOMBRE DE PERSONA
Nombre de persona Curie, Marie,
Fechas asociadas al nombre 1867-1934
9 (RLIN) 242639
700 1# - ENTRADA AGREGADA--NOMBRE PERSONAL
Nombre de persona Madrid, Francisco,
Fechas asociadas al nombre 1900-1952
9 (RLIN) 175097
830 0# - PUNTO DE ACCESO ADICIONAL DE SERIE-TÍTULO UNIFORME
Título uniforme Colección austral
Designación de volumen o secuencia 451
9 (RLIN) 177655
852 ## - LOCALIZACIÓN
Ubicación ES-MaACL
Número de control de estantería C-14781
Holdings
Estatus retirado Estado de pérdida Estado de daño No para préstamo Biblioteca de origen Biblioteca actual Ubicación en estantería Fecha de adquisición Fuente de adquisición Total de préstamos Signatura topográfica completa Código de barras Visto por última vez Precio de reemplazo Tipo de ítem Koha
        Biblioteca del Ateneo de Madrid Biblioteca del Ateneo de Madrid Ficheros 17/01/2008     C-14781 1053387 23/02/2023 23/02/2023 Libro impreso